Îles de plus de 100 000 km² - Statistiques

Statistiques générales
  • Ce quiz a été pris 32 fois
  • Le résultat moyen est 6 sur 18
Statistiques - réponses
Superficie Réponse % Correct
578 041 km² Madagascar
83%
2 130 800 km² Groenland (Danemark)
60%
126 700 km² Java (Indonésie)
50%
725 500 km² Bornéo (Brunei/Indonésie/Malaisie)
47%
105 007 km² Cuba
47%
227 414 km² Honshū (Japon)
47%
425 000 km² Sumatra (Indonésie)
47%
102 828 km² Islande
40%
216 777 km² Grande-Bretagne (Royaume-Uni)
33%
800 000 km² Nouvelle-Guinée (Indonésie/Papouasie-Nouvelle-Guinée)
27%
104 688 km² Luçon (Philippines)
23%
507 451 km² Baffin (Canada)
20%
196 236 km² Ellesmere (Canada)
17%
174 600 km² Sulawesi (Indonésie)
17%
114 050 km² Nord (Nouvelle Zélande)
13%
150 737 km² Sud (Nouvelle-Zélande)
13%
108 860 km² Terre-Neuve (Canada)
7%
217 291 km² Victoria (Canada)
7%
Aucun quiz correspondant
Distribution des résultats
% des personnes avec chaque résultat
Percentile par nombre de réponses
Votre historique - résultats
Vous n’avez pas pris ce quiz